000 00446nab a2200145Ia 4500
003 ES-SlBCS
005 20210601124308.0
008 140529s1979 xxu||||| |||| 00| 0 eng d
041 _aeng
100 1 _aBrown, Arthur
_9139329
245 0 0 _aInstitutional Democracy: Problems and Prospects
_c Arthur Brown
650 0 4 _aDemocracia Institucional
_9139330
773 0 _tEducational Theory
_gvol. 29, nº. 2, 1979, págs. 85-96
_wRev1399
942 _cAR
999 _c512484
_d512484